| 000 | 00436nam a2200157 a 4500 | ||
|---|---|---|---|
| 001 | 000045069 | ||
| 005 | 20201002045843.0 | ||
| 008 | 150130s1975 nyu 000 0 spa d | ||
| 020 | _a0883730286 | ||
| 040 |
_aDO-SdBNP _bspa _cBNPHU |
||
| 082 |
_axxxx _bxxxx |
||
| 100 | 1 |
_aAgee, Philip _973077 |
|
| 245 | 1 | 0 |
_aInside the company : _bCIA diary / _cPhilip Agee. |
| 260 |
_aNew York : _bStonehill, _c1975. |
||
| 300 |
_a639 p. : _bil. ; _c22 cm. |
||
| 999 |
_c44558 _d44558 |
||